Music Quiz

Random Music or Album Quiz

Foo Fighters Songs Quiz Stats

 Plays Quiz Updated Feb 18, 2021

Support Sporcle.
Go Orange.
Score 0/118 Timer 15:00
1 Play Today
Album % Correct
The Colour And The ShapeEverlong
87.2%
Echoes, Silence, Patience & GraceThe Pretender
82.3%
The Colour And The ShapeMonkey Wrench
82.2%
There Is Nothing Left To LoseLearn To Fly
80.8%
One By OneAll My Life
77.4%
Wasting LightWalk
76.8%
The Colour And The ShapeMy Hero
76.4%
Foo FightersBig Me
74.9%
In Your HonorBest Of You
74.8%
One By OneTimes Like These
70.5%
Wasting LightRope
69.2%
Concrete and GoldRun
67.3%
Foo FightersThis Is a Call
66.2%
Medicine at MidnightShame Shame
65.1%
Medicine at MidnightMedicine at Midnight
65%
In Your HonorIn Your Honor
64.6%
There Is Nothing Left To LoseBreakout
63.6%
Sonic HighwaysSomething from Nothing
61.4%
In Your HonorDOA
61.4%
Medicine at MidnightWaiting on a War
60.3%
The Colour And The ShapeHey, Johnny Park!
60.2%
Wasting LightWhite Limo
60.1%
Echoes, Silence, Patience & GraceLong Road to Ruin
59.6%
There Is Nothing Left To LoseStacked Actors
59.2%
Wasting LightArlandria
58.7%
Concrete and GoldThe Sky Is a Neighborhood
58.5%
Wasting LightBridge Burning
58%
Sonic HighwaysCongregation
57.8%
Foo FightersFor All the Cows
57.7%
The Colour And The ShapeDoll
56.2%
Foo FightersI'll Stick Around
55.8%
Medicine at MidnightNo Son of Mine
55.4%
Concrete and GoldConcrete and Gold
55.4%
Wasting LightThese Days
53.9%
Echoes, Silence, Patience & GraceLet It Die
53.5%
The Colour And The ShapeWalking After You
52.7%
Medicine at MidnightMaking a Fire
52.7%
Wasting LightDear Rosemary
52.7%
One By OneLow
52.7%
There Is Nothing Left To LoseGenerator
52.5%
Album % Correct
The Colour And The ShapeFebruary Stars
51.9%
Sonic HighwaysThe Feast and the Famine
51%
Sonic HighwaysI am a River
50.8%
There Is Nothing Left To LoseAurora
50%
Concrete and GoldT-Shirt
49.5%
Medicine at MidnightCloudspotter
49.1%
In Your HonorNo Way Back
48.8%
Medicine at MidnightChasing Birds
47.9%
There Is Nothing Left To LoseNext Year
47.5%
Foo FightersAlone + Easy Target
47.3%
Foo FightersX-Static
47.2%
Echoes, Silence, Patience & GraceHome
47%
There Is Nothing Left To LoseM.I.A.
46.9%
In Your HonorRazor
46.6%
Sonic HighwaysOutside
46.6%
Wasting LightI Should Have Known
46%
Foo FightersWeenie Beenie
45.9%
The Colour And The ShapeMy Poor Brain
45.8%
In Your HonorCold Day in the Sun
45.1%
Foo FightersWattershed
45%
Echoes, Silence, Patience & GraceCheer Up Boys (Your Makeup Is Running)
44%
Foo FightersExhausted
43.7%
Sonic HighwaysWhat did I do?/God as My Witness
43.5%
Concrete and GoldSunday Rain
43.2%
The Colour And The ShapeNew Way Home
42.8%
Sonic HighwaysIn the Clear
42.4%
The Colour And The ShapeEnough Space
42.2%
Sonic HighwaysSubterranean
42.1%
Wasting LightBack & Forth
41.9%
In Your HonorHell
41.6%
In Your HonorResolve
41.5%
Echoes, Silence, Patience & GraceErase/Replace
41.3%
The Colour And The ShapeSee You
41.1%
The Colour And The ShapeUp In Arms
41%
Concrete and GoldArrows
40.8%
Medicine at MidnightHolding Poison
40.7%
One By OneCome Back
40.4%
Medicine at MidnightLove Dies Young
40.3%
The Colour And The ShapeWind Up
40.2%
Foo FightersOh George
40.2%
Album % Correct
Echoes, Silence, Patience & GraceThe Ballad of the Beaconsfield Miners
40.2%
Concrete and GoldDirty Water
40.2%
Wasting LightMiss The Misery
40.1%
Concrete and GoldThe Line
40%
Concrete and GoldLa Dee Da
40%
There Is Nothing Left To LoseGimme Stitches
39.7%
Echoes, Silence, Patience & GraceCome Alive
39.5%
Foo FightersFloaty
39.3%
One By OneHalo
38.7%
In Your HonorVirginia Moon
38.2%
Echoes, Silence, Patience & GraceStatues
38%
In Your HonorThe Deepest Blues Are Black
37.7%
Concrete and GoldMake It Right
37.6%
There Is Nothing Left To LoseHeadwires
37%
Echoes, Silence, Patience & GraceStranger Things Have Happened
36.7%
Foo FightersGood Grief
36.4%
In Your HonorFriend of a Friend
36.3%
Echoes, Silence, Patience & GraceBut, Honestly
36%
In Your HonorThe Last Song
36%
There Is Nothing Left To LoseAin't It the Life
35.9%
One By OneHave It All
35.8%
Echoes, Silence, Patience & GraceSummer's End
34.9%
Wasting LightA Matter Of Time
34.7%
One By OneDisenchanted Lullaby
34.4%
One By OneTired Of You
34.3%
In Your HonorEnd Over End
34%
One By OneOverdrive
33.3%
There Is Nothing Left To LoseLive-In Skin
32.8%
In Your HonorStill
32.7%
In Your HonorMiracle
32.5%
One By OneLonely As You
31.8%
One By OneBurn Away
31.3%
Concrete and GoldHappy Ever After (Zero Hour)
30.8%
In Your HonorFree Me
29.8%
In Your HonorAnother Round
29.7%
In Your HonorOver And Out
29.5%
In Your HonorWhat If I Do
28%
In Your HonorOn the Mend
27.9%

From the Vault

Anything but Ireland

by Flick

We're starting to feel lucky already.
Remove Ads.
Support Sporcle.
Get the best of Sporcle when you Go Orange. This ad-free experience offers more features, more stats, and more fun while also helping to support Sporcle. Thank you for becoming a member.

Show Comments

Extras

Top Quizzes Today


Score Distribution

Your Account Isn't Verified!

In order to create a playlist on Sporcle, you need to verify the email address you used during registration. Go to your Sporcle Settings to finish the process.

Report this User

Report this user for behavior that violates our Community Guidelines.

Details: